000 00636nam a22001937a 4500
003 OSt
005 20251204090142.0
008 251204b |||||||| |||| 00| 0 eng d
020 _a0-471-40677-5.
040 _aDWCL-Main lib
_cOC
082 _aCirc. 658.05 S556 2001
100 _aShields, Murrell G.
245 _aE-business and ERP :
_brapid implementation and project planning/
_cShields, Murrell G.
260 _aN. Y.
_bJohn Wiley & Sons, Inc.,
_cc2001.
300 _axvi, 267 p. ;
_c23 cm.
650 _a1. Business enterprises-Computer networks-Management.
650 _a2. Electronic commerce.
942 _2ddc
_cBK-CIRC
_kCirc.
_n0
999 _c6882
_d6882